[Event "AUTO-ADV-4900"]
[Site "http://www.queenalice.com/game.php?id=1864715"]
[Date "2025.10.25"]
[Round "1"]
[White "game"]
[Black "Daniel1962"]
[Result "0-1"]
[WhiteElo "1654"]
[BlackElo "1848"]

1. e4 e6 2. Nf3 Bc5 3. d4 Bb6 4. Bc4 Nf6 5. e5 Ne4 6. O-O Nc6 7. Nc3 Nxc3 8.
bxc3 Ba5 9. Bd2 d5 10. Bb3 f5 11. Ba4 Bd7 12. Bg5 Ne7 13. Bxd7+ Qxd7 14. Rb1 b6
15. Qd3 h6 16. Bxe7 Qxe7 17. Qb5+ Kf7 18. Qd3 g5 19. a4 Qa3 20. Ra1 Qxc3 21. Qa6
g4 22. Nh4 Qxd4 23. Qe2 Bc3 24. Rad1 Qxa4 25. f3 gxf3 26. Qxf3 Bxe5 27. Qh5+ Ke7
28. Ng6+ Kd6 29. Nxh8 Rxh8 30. Qg6 Qxc2 31. Ra1 Bxa1 32. Rxa1 a5 33. Rf1 Qe4 34.
Qg3+ Kc6 35. Rc1+ Kb5 36. Qb3+ Qb4 37. Qd3+ Qc4 38. Rxc4 dxc4 39. Qd7+ c6 40.
Qxe6 c5 41. Qxf5 Kb4 42. Qb1+ Ka4 43. Qxb6 c3 44. Qxc5 Kb3 45. Qxa5 c2 46. Qa1
Rd8 47. Qc1 Rd1+ 48. Qxd1 cxd1=Q+ 49. Kf2 Kc3 50. Kg3 Kd4 51. h4 Ke4 52. Kh3 h5
53. g3 Qh1# 0-1

[Event "AUTO-ADV-4900"]
[Site "http://www.queenalice.com/game.php?id=1864733"]
[Date "2025.10.25"]
[Round "1"]
[White "Daniel1962"]
[Black "Anusha"]
[Result "0-1"]
[WhiteElo "1728"]
[BlackElo "1866"]

1. e4 c5 2. Bc4 Nc6 3. Nf3 d6 4. Nc3 Nf6 5. Ng5 e6 6. d3 Be7 7. Be3 O-O 8. d4
cxd4 9. Bxd4 Nxd4 10. Qxd4 a6 11. e5 dxe5 12. Qxe5 b5 13. Bd3 Qb6 14. f3 Bb7 15.
Nxh7 Nxh7 16. Qh5 Qe3+ 17. Ne2 Nf6 18. Qh4 Bc5 19. g4 Bxf3 20. g5 Ne4 21. Bxe4
Bxe4 22. c3 Bxh1 23. Rd1 Bf3 24. Rd2 Bxe2 25. Rxe2 Qc1# 0-1

[Event "AUTO-ADV-4903"]
[Site "http://www.queenalice.com/game.php?id=1865409"]
[Date "2025.11.10"]
[Round "1"]
[White "SGF"]
[Black "Daniel1962"]
[Result "1-0"]
[WhiteElo "1716"]
[BlackElo "1817"]

1. e4 e5 2. Qf3 Nf6 3. d3 Nc6 4. c3 Bc5 5. b4 Bb6 6. Bg5 d6 7. a4 Bg4 8. Qg3 a5
9. b5 Ne7 10. Bxf6 gxf6 11. Qxg4 Ng6 12. h4 h5 13. Qe2 Nf4 14. Qf3 Qd7 15. g3
Ng6 16. Qxf6 Qe7 17. Qxe7+ Nxe7 18. Nf3 f5 19. exf5 Nxf5 20. Nbd2 O-O-O 21. Bh3
Rdf8 22. Ng5 Kb8 23. Bxf5 Rxf5 24. f3 Be3 25. Ke2 Bxg5 26. hxg5 Rxg5 27. g4 h4
28. Ne4 Rgg8 29. Rab1 h3 30. Rh2 b6 31. Rbh1 d5 32. Nf6 Rd8 33. Rxh3 Rxh3 34.
Rxh3 e4 35. fxe4 dxe4 36. Nxe4 Kc8 37. g5 Kd7 38. g6 Rg8 39. Nf6+ 1-0

[Event "AUTO-ADV-4903"]
[Site "http://www.queenalice.com/game.php?id=1865410"]
[Date "2025.11.10"]
[Round "1"]
[White "Daniel1962"]
[Black "SGF"]
[Result "0-1"]
[WhiteElo "1717"]
[BlackElo "1809"]

1. g3 e5 2. Bg2 Qf6 3. e3 d6 4. Nc3 c6 5. Ne4 Qg6 6. Ne2 Bg4 7. c3 h5 8. h3 Bf5
9. Qc2 h4 10. g4 Be6 11. d4 Bd5 12. f4 f5 13. gxf5 Qf7 14. fxe5 dxe5 15. dxe5
Nh6 16. Nf4 Nxf5 17. Nxd5 cxd5 18. Ng5 Qg6 19. e4 Ng3 20. Rg1 Bc5 21. Bf4 Bxg1
22. O-O-O Bc5 23. Rxd5 b6 24. Qa4+ Nc6 25. e6 Rc8 26. Nf7 Ne2+ 27. Kc2 Nxf4 28.
Rg5 Qxe6 29. Nxh8 Nxg2 30. Rxg2 b5 31. Qxb5 Qxe4+ 32. Kc1 Qxg2 33. Qxc5 Qf1+ 34.
Kc2 Qe2+ 35. Kb3 Qd1+ 36. Ka3 Ne7 37. Qxa7 Qd6+ 38. Kb3 Qb8+ 39. Qxb8 Rxb8+ 40.
Kc2 Kf8 41. b4 Kg8 42. a4 Kxh8 43. a5 Nc6 44. Kb3 Nxa5+ 45. Ka4 Nc4 46. b5 g5
47. Kb4 Nd6 48. c4 Kg7 49. Kc5 Ne4+ 50. Kc6 Rc8+ 51. Kd5 Nf2 52. c5 Nxh3 53. b6
Nf4+ 54. Kd6 Rb8 55. Kc7 Rf8 56. c6 Ne6+ 57. Kb7 Rf7+ 58. Ka6 Nc5+ 59. Kb5 Rf5
60. c7 Ne6+ 61. Kc6 Nxc7 62. bxc7 Rf8 63. Kd7 h3 64. c8=Q Rxc8 65. Kxc8 h2 0-1

[Event "AUTO-OPEN-4624"]
[Site "http://www.queenalice.com/game.php?id=1865602"]
[Date "2025.11.15"]
[Round "1"]
[White "Daniel1962"]
[Black "game"]
[Result "0-1"]
[WhiteElo "1747"]
[BlackElo "1522"]

1. d4 d5 2. Nc3 e6 3. Bf4 Bd6 4. Nh3 Nf6 5. Bxd6 Qxd6 6. Qd3 Qb6 7. b3 Ng4 8.
Qg3 e5 9. Nxd5 Qxd4 10. Rd1 Qc5 11. Qd3 O-O 12. f3 Nh6 13. Ng5 Bf5 14. Qd2 Nc6
15. Nxc7 Rad8 16. Qc1 Qa5+ 17. c3 Qxc7 18. e4 Be6 19. Rxd8 Qxd8 20. Bb5 Qf6 21.
Bxc6 bxc6 22. c4 Qd8 23. O-O a5 24. Qc3 Qxg5 25. Qxa5 Bh3 26. Rf2 g6 27. Qc5 f5
28. Qxe5 Qc1+ 29. Rf1 Qe3+ 30. Rf2 Rd8 31. gxh3 Rd2 32. Qg3 f4 33. Qg2 Rd1+ 34.
Qf1 Rxf1+ 35. Kxf1 Nf7 36. b4 Ne5 37. c5 Nd3 38. Re2 Qxf3+ 0-1

[Event "AUTO-OPEN-4624"]
[Site "http://www.queenalice.com/game.php?id=1865603"]
[Date "2025.11.15"]
[Round "1"]
[White "game"]
[Black "Daniel1962"]
[Result "0-1"]
[WhiteElo "1609"]
[BlackElo "1838"]

1. e4 c5 2. Nf3 e6 3. Bc4 Nf6 4. e5 Ng4 5. O-O Nc6 6. d4 cxd4 7. Nxd4 Ncxe5 8.
b3 Bd6 9. f4 Qh4 10. fxe5 Qxh2# 0-1

[Event "AUTO-OPEN-4624"]
[Site "http://www.queenalice.com/game.php?id=1865604"]
[Date "2025.11.15"]
[Round "1"]
[White "Daniel1962"]
[Black "askasl159"]
[Result "0-1"]
[WhiteElo "1855"]
[BlackElo "1586"]

1. g3 d5 2. d4 g6 3. Bg2 Bg7 4. c3 Nf6 5. Bf4 O-O 6. Nf3 Bf5 7. Na3 a6 8. Nh4
Be4 9. Bxe4 Nxe4 10. O-O Nc6 11. Qb3 g5 12. Nf5 gxf4 13. Qxb7 Na5 14. Qb4 c5 15.
dxc5 Rb8 16. Qa4 Rxb2 17. Nxg7 Kxg7 18. Rfe1 e5 19. c6 Nxc3 20. Qxa5 Qxa5 21.
Rec1 Nxe2+ 22. Kg2 Qxa3 23. c7 Nxc1 24. Rxc1 Rxf2+ 25. Kxf2 fxg3+ 26. hxg3 Qxc1
0-1

[Event "AUTO-OPEN-4624"]
[Site "http://www.queenalice.com/game.php?id=1865605"]
[Date "2025.11.15"]
[Round "1"]
[White "askasl159"]
[Black "Daniel1962"]
[Result "1-0"]
[WhiteElo "1613"]
[BlackElo "1828"]

1. e4 e5 2. f4 d6 3. Nf3 exf4 4. Bc4 Bg4 5. O-O Nc6 6. d4 Bxf3 7. Rxf3 g5 8. h3
Bg7 9. Nc3 Nxd4 10. Rf1 Qf6 11. Nd5 Qd8 12. c3 Nc6 13. Ne3 Ne5 14. Qd5 c6 15.
Qd2 fxe3 16. Qe2 Qb6 17. Bxe3 Qc7 18. Bxg5 h6 19. Bf4 Qb6+ 20. Kh1 Nxc4 21. Qxc4
Nf6 22. Bxd6 Kd7 23. Bc5 Qxb2 24. Qxf7+ Kc8 25. Rab1 Qxc3 26. Qxb7+ Kd8 27.
Rbd1+ Ke8 28. Qe7# 1-0

[Event "AUTO-ADV-4896"]
[Site "http://www.queenalice.com/game.php?id=1866049"]
[Date "2025.11.23"]
[Round "2"]
[White "Connor"]
[Black "Daniel1962"]
[Result "1-0"]
[WhiteElo "1885"]
[BlackElo "1755"]

1. d4 d5 2. e3 c6 3. c4 dxc4 4. Bxc4 e6 5. Nf3 Nf6 6. Nc3 Bb4 7. Bd2 Bxc3 8.
Bxc3 Ne4 9. Bd3 Nxc3 10. bxc3 Nd7 11. O-O Qc7 12. e4 Nf6 13. h3 Nh5 14. e5 f5
15. exf6 Nxf6 16. Ne5 Nd5 17. Qc2 Bd7 18. Nxd7 Qxd7 19. Bxh7 O-O-O 20. Be4 Nf4
21. Bf3 e5 22. Bg4 Ne6 23. dxe5 Kb8 24. Rfd1 Qe7 25. Rxd8+ Rxd8 26. Rd1 Nf4 27.
Rxd8+ Qxd8 28. g3 Nd5 29. Qd1 Qa5 30. c4 Nc3 31. Qd6+ Qc7 32. Qxc7+ Kxc7 33. e6
Kd8 34. a3 Ke7 35. f4 Ne4 36. Kg2 b5 37. cxb5 cxb5 38. f5 a5 39. Be2 b4 40. axb4
axb4 41. g4 b3 42. Kf3 Ng5+ 43. Kg3 Ne4+ 44. Kf4 Nc3 45. Bd3 b2 46. Kg5 Nd5 47.
h4 Nf6 48. h5 Ne8 49. h6 gxh6+ 50. Kxh6 Nf6 51. g5 Ng4+ 52. Kh5 Ne5 53. Bb1 Nf3
54. Kh6 Kf8 55. f6 Ne5 56. Kh7 Ng4 57. e7+ Ke8 58. Kg7 Ne5 59. g6 Nd7 60. Ba2
Ne5 61. f7+ Nxf7 62. gxf7+ Kxe7 63. f8=Q+ 1-0

[Event "AUTO-ADV-4907"]
[Site "http://www.queenalice.com/game.php?id=1866642"]
[Date "2025.12.6"]
[Round "1"]
[White "askasl159"]
[Black "Daniel1962"]
[Result "1-0"]
[WhiteElo "1860"]
[BlackElo "1758"]

1. e4 e5 2. f4 Nc6 3. Nf3 exf4 4. d4 Nf6 5. Nc3 Bb4 6. Bd2 O-O 7. Qe2 Re8 8. e5
Ng4 9. h3 Nxd4 10. Qe4 Nxf3+ 11. Qxf3 Rxe5+ 12. Be2 Bxc3 13. Bxc3 Ne3 14. Bxe5
Nxc2+ 15. Kf2 Nxa1 16. Rxa1 f6 17. Bc4+ Kh8 18. Bxf4 c6 19. Re1 d5 20. Bd3 Bd7
21. Bd6 Qb6+ 22. Kg3 Qxb2 23. Qh5 Qd4 24. Qxh7# 1-0